000 00852cam a22002054a 4500
005 20250605164214.0
008 250528s ||||||||||||||||||||||||d
035 _a20414
020 _a631159215
040 _aGR-AtMCL
_bgre
_dGR-AtMCL
_eAACR2
245 1 _aMarxism and Literary History
250 _a1st
260 _bBasil Blackwell,
_c1986
300 _a276
520 _aA novel contribution to Marxist literary theory, proposing a reconciliation of formalism and historicism in order to establish the basis for a new literary history. Introduction, Marxism and Structuralism, Discourse and Power, Russian Formalism and the Concept of Literary System, For a Literary History, Intertextuality, Text and System, Limits: The Politics of Reading, Notes, Index.
700 1 _aFrow John
_96396
942 _cBK
999 _c5523
_d5523